| 000 -LEADER |
| fixed length control field |
00693nam a2200193Ia 4500 |
| 001 - CONTROL NUMBER |
| control field |
2930 |
| 003 - CONTROL NUMBER IDENTIFIER |
| control field |
GE_BSU |
| 008 - FIXED-LENGTH DATA ELEMENTS--GENERAL INFORMATION |
| fixed length control field |
181216s||||||||xx |||||||||||||| ||und|| |
| 040 ## - CATALOGING SOURCE |
| Transcribing agency |
GE_BSU |
| 080 ## - UNIVERSAL DECIMAL CLASSIFICATION NUMBER |
| Universal Decimal Classification number |
620.197 |
| 100 ## - MAIN ENTRY--PERSONAL NAME |
| Personal name |
Волков, В.Г. Тесов,Н.И. Шуванов, В.В. |
| 245 ## - TITLE STATEMENT |
| Title |
Справочник по защите подземных металлических сооружений от коррозии. |
| 260 ## - PUBLICATION, DISTRIBUTION, ETC. |
| Place of publication, distribution, etc. |
Л. |
| 260 ## - PUBLICATION, DISTRIBUTION, ETC. |
| Name of publisher, distributor, etc. |
Недра. |
| 260 ## - PUBLICATION, DISTRIBUTION, ETC. |
| Date of publication, distribution, etc. |
1975. |
| 300 ## - PHYSICAL DESCRIPTION |
| Extent |
224 стр.с илл.22см. |
| 653 ## - INDEX TERM--UNCONTROLLED |
| Uncontrolled term |
Справочник по защите подземных металлических сооружений от коррозии. |
| 942 ## - ADDED ENTRY ELEMENTS (KOHA) |
| Koha item type |
წიგნი |